01473nam a2200421 i 4500001000700000003000800007005001700015006001900032007001500051008004100066020002700107020001800134035002300152035002400175035002500199035002100224040003100245050002100276080000700297082001600304100003600320245011300356264004100469300004000510336003100550337003300581338004300614500002200657588012500679650002200804650002900826650003500855650004100890650001600931650001500947655002700962856006200989129711FlNmELB20241217180213.0m o d | cr cnu||||||||160310s2011 sp o 001 0 spa d a9788468161419 (e-book) z9788468123110 a(MiAaPQ)EBC4310401 a(Au-PeEL)EBL4310401 a(CaPaEBR)ebr11148630 a(OCoLC)984822303 aFINmELBbspaerdacFINmELB 4aHF5485bZ35 2011 a650 a658.7852231 aZapatero Álvarez, Ana Isabel.10aCuaderno del alumno : gestión de almacén :bformación para el empleo /cAna Isabel Zapatero Álvarez. 1aMadrid :bEditorial CEP S.L.,c2011. a1 recurso en línea (59 páginas) atextobtxt2rdacontent/spa acomputadorabc2rdamedia/spa arecurso en líneabcr2rdacarrier/spa aIncluye índice. aDescripción basada en recurso en línea; Título de la página del título en PDF (e-libro, visto March 10, 2016). 0aTraining manuals. 4aManuales de formación. 0aEmployeesxTraining ofzSpain. 4aEmpleadosxCapacitaciónzEspaña. 0aWarehouses. 4aAlmacenes. 4aLibros electrónicos.40uhttps://elibro.net/ereader/politecnicointernacional/50798